The pain and the great one: friend or fiend? / (Record no. 49393)
| 000 -LEADER | |
|---|---|
| fixed length control field | 00324nam a2200109 4500 |
| 020 ## - INTERNATIONAL STANDARD BOOK NUMBER | |
| International Standard Book Number | 9780330453950 |
| 100 ## - MAIN ENTRY--PERSONAL NAME | |
| Personal name | Blume, Judy |
| 245 ## - TITLE STATEMENT | |
| Title | The pain and the great one: friend or fiend? / |
| Statement of responsibility, etc | Judy Blume &Kate Pankhurst |
| 260 ## - PUBLICATION, DISTRIBUTION, ETC. (IMPRINT) | |
| Place of publication, distribution, etc | London |
| Name of publisher, distributor, etc | Macmillan Children's Books |
| Date of publication, distribution, etc | 2010 |
| 300 ## - PHYSICAL DESCRIPTION | |
| Extent | 112 p. |
| Other physical details | ill. |
| Dimensions | 20 cm. |
| 942 ## - ADDED ENTRY ELEMENTS (KOHA) | |
| Source of classification or shelving scheme | |
| Koha item type | Book |
| Withdrawn status | Lost status | Source of classification or shelving scheme | Damaged status | Not for loan | Home library | Current library | Shelving location | Date acquired | Total Checkouts | Full call number | Barcode | Checked out | Date last seen | Date checked out | Price effective from | Koha item type |
|---|---|---|---|---|---|---|---|---|---|---|---|---|---|---|---|---|
| Asian Hope Early Years Library | Asian Hope Early Years Library | Junior Fiction | 08/21/2025 | 4 | CB FIC BLU | 208944 | 04/30/2026 | 04/30/2026 | 04/30/2026 | 08/21/2025 | Book |